000 00342nam a2200145Ia 4500
008 230718s9999 xx 000 0 und d
041 _aEng.
082 _a510
_bGRI-T
100 _aGrindred, Peter
245 4 _athe theay and Application
260 _aPakistan
_boxford airing fress
_c1996
300 _a275
650 _aLaw
999 _c26478
_d26478